| 000 | 00871nam a2200265 i 4500 | ||
|---|---|---|---|
| 001 | 129108 | ||
| 003 | ES-MaACL | ||
| 005 | 20250918063035.0 | ||
| 007 | t| | ||
| 008 | 070605s1974 sp ||||1| spa d | ||
| 080 | _a21 | ||
| 080 | _a130(04) | ||
| 100 | 1 |
_aTeilhard de Chardin, Pierre, _d1881-1955 _9109521 |
|
| 245 | 1 | 4 |
_aLas direcciones del porvenir / _cPierre Teilhard de Chardin ; prólogo de N.M. Wildiers ; versión de Francisco Pérez Gutiérrez. |
| 260 |
_a[Madrid : _bTaurus, _c1974] |
||
| 300 |
_a189 p. ; _c21 cm. |
||
| 490 | 1 |
_aEnsayistas ; _v123 |
|
| 650 | 4 |
_aReligión- _xFilosofía _916799 |
|
| 650 | 7 |
_aAntropología filosófica _2embne _99891 |
|
| 700 | 1 |
_aWildiers, N. M. _9116833 |
|
| 700 | 1 |
_aPérez Gutiérrez, Francisco. _990927 |
|
| 830 | 0 |
_aEnsayistas ; _v123 _9177257 |
|
| 852 |
_aES-MaACL _jL-7145 |
||
| 999 |
_c129108 _d129108 |
||